| 000 | 00562nam a2200205 a 4500 | ||
|---|---|---|---|
| 005 | 20160107110639.0 | ||
| 008 | 140219b1992 ck ||||| |||| 00| 0 spa d | ||
| 040 |
_aCO-BoIAVH _cCO-BoIAVH |
||
| 041 | _aspa | ||
| 044 | _ack | ||
| 082 |
_a581.6 _bJ37e |
||
| 110 |
_bJardín Botánico de Córdoba _96741 |
||
| 245 | _aEtnobotánica | ||
| 260 |
_aCórdoba _bJardín Botánico de Córdoba _c1992 |
||
| 300 | _a42 p. | ||
| 650 |
_aEtnobotánica _948082 |
||
| 650 |
_aAgrobiodiversidad _948083 |
||
| 662 |
_aEspaña _cJardín Botánico _bCórdoba |
||
| 942 |
_cLIBRO _2ddc |
||
| 999 |
_c161 _d161 |
||